[Event "AUTO-INT-3724"]
[Site "http://www.queenalice.com/game.php?id=1777214"]
[Date "2021.12.14"]
[Round "1"]
[White "Atacante"]
[Black "Milton"]
[Result "1-0"]
[WhiteElo "1821"]
[BlackElo "1374"]

1. e4 e5 2. Nf3 Nc6 3. Bc4 Bc5 4. c3 Nf6 5. d3 d6 6. Be3 O-O 7. Nbd2 Bxe3 8.
fxe3 Bg4 9. O-O Na5 10. Bb5 c6 11. Ba4 b5 12. Bc2 Qb6 13. Qe1 g6 14. Qf2 Nb7 15.
Kh1 b4 16. Nc4 Qc5 17. Ng5 Kg7 18. Qxf6+ Kh6 19. Nxf7+ Kh5 20. Qg5# 1-0

[Event "AUTO-INT-3724"]
[Site "http://www.queenalice.com/game.php?id=1777215"]
[Date "2021.12.14"]
[Round "1"]
[White "Milton"]
[Black "Atacante"]
[Result "0-1"]
[WhiteElo "1372"]
[BlackElo "1774"]

1. e4 Nf6 2. Bc4 e6 3. d3 Be7 4. Nf3 d6 5. Nc3 Nc6 6. Bf4 e5 7. Bg5 Bd7 8. O-O
h6 9. Bxf6 Bxf6 10. Qd2 Nd4 11. Nxd4 exd4 12. Nd5 c6 13. Nxf6+ Qxf6 14. Rae1 O-O
15. Qb4 b6 16. e5 dxe5 17. f4 c5 18. Qa4 Bxa4 19. b3 Bc6 20. fxe5 Qg6 21. g3 b5
22. Rb1 bxc4 23. bxc4 Qg4 24. Rb5 Bxb5 25. cxb5 Qe2 0-1

[Event "AUTO-INT-3724"]
[Site "http://www.queenalice.com/game.php?id=1777228"]
[Date "2021.12.14"]
[Round "1"]
[White "mvson33"]
[Black "Milton"]
[Result "1-0"]
[WhiteElo "1778"]
[BlackElo "1370"]

1. e4 e5 2. Nf3 Nc6 3. Bc4 Bc5 4. O-O Nf6 5. Nc3 d6 6. h3 b6 7. Bb5 Bd7 8. Bxc6
Bxc6 9. d3 O-O 10. Bg5 h6 11. Bh4 g5 12. Nxg5 Qe8 13. Nf3 b5 14. a3 Qe6 15. Qd2
Nh5 16. Qe2 b4 17. axb4 Bxb4 18. Nb1 Nf4 19. Qe3 d5 20. exd5 Bxd5 21. Rxa7 Ne2+
22. Qxe2 Qb6 23. Rxa8 Rxa8 24. Nbd2 Qg6 25. Kh1 Bd6 26. Bg3 f6 27. Ne4 Be7 28.
Nh4 Qh7 29. Nf3 f5 30. Nc3 Bxf3 31. Qxf3 f4 32. Qxa8+ Bf8 33. Qd5+ Kg7 34. Qxe5+
1-0

[Event "AUTO-INT-3724"]
[Site "http://www.queenalice.com/game.php?id=1777229"]
[Date "2021.12.14"]
[Round "1"]
[White "Milton"]
[Black "mvson33"]
[Result "0-1"]
[WhiteElo "1354"]
[BlackElo "1752"]

1. e4 e5 2. Nc3 Nc6 3. Bc4 Nf6 4. d3 Be7 5. Nf3 O-O 6. b3 d6 7. Ba3 Bg4 8. O-O
Nd4 9. Re1 Nxf3+ 10. gxf3 Bh3 11. d4 Nd7 12. dxe5 dxe5 13. Qd5 Bxa3 14. Re3 Qg5+
0-1

[Event "AUTO-INT-3724"]
[Site "http://www.queenalice.com/game.php?id=1777238"]
[Date "2021.12.14"]
[Round "1"]
[White "Milton"]
[Black "gutopa"]
[Result "0-1"]
[WhiteElo "1368"]
[BlackElo "1470"]

1. e4 e5 2. Nf3 d6 3. Bc4 Bg4 4. d3 h6 5. h3 Bxf3 6. Qxf3 Qf6 7. Qxf6 Nxf6 8.
Nc3 c6 9. O-O d5 10. Bxd5 cxd5 11. Re1 d4 12. Nb5 Na6 13. c3 Nd7 14. cxd4 Bb4
15. Re3 exd4 16. Rg3 g6 17. Bf4 g5 18. Bd6 Bxd6 19. Nxd6+ Ke7 20. Nxb7 Rab8 21.
Na5 Rxb2 22. Nc6+ Kd6 23. Nxd4 Nb4 24. Nb5+ Ke7 25. Nc3 Rc8 26. d4 Nc2 27. Rb1
Rxb1+ 28. Nxb1 Nxd4 29. Re3 Ne5 30. Ra3 Rc1+ 31. Kh2 Rxb1 32. Rxa7+ Kf6 33. g4
Ndf3+ 34. Kg3 Rg1# 0-1

[Event "AUTO-INT-3724"]
[Site "http://www.queenalice.com/game.php?id=1777239"]
[Date "2021.12.14"]
[Round "1"]
[White "gutopa"]
[Black "Milton"]
[Result "0-1"]
[WhiteElo "1492"]
[BlackElo "1352"]

1. e4 e5 2. d4 exd4 3. Qxd4 Nf6 4. e5 Nc6 5. Qe3 Nd5 6. Qf3 Ndb4 7. Bd3 Nd4 8.
Qe4 c5 9. c3 d5 10. Qe3 Nbc2+ 11. Bxc2 Nxc2+ 12. Kf1 Nxe3+ 13. Bxe3 Qb6 14. b3
Qa6+ 15. Ne2 Bd7 16. Ke1 Rc8 17. f4 Bg4 18. Ng3 Qa5 0-1

[Event "AUTO-INT-3731"]
[Site "http://www.queenalice.com/game.php?id=1778996"]
[Date "2022.1.3"]
[Round "1"]
[White "Milton"]
[Black "jsiebel"]
[Result "1-0"]
[WhiteElo "1398"]
[BlackElo "1657"]

1. e4 e5 2. Nf3 Nc6 3. Bc4 Bc5 4. d3 Nf6 5. Nc3 O-O 6. O-O Ng4 7. h3 Nxf2 8.
Rxf2 d6 9. Qf1 Nd4 10. Be3 a6 11. Re1 Nxf3+ 12. gxf3 Kh8 13. Qg2 Bxe3 14. Rxe3
b5 15. Bd5 Ra7 16. Qg3 b4 17. Rg2 bxc3 18. Qxg7# 1-0

[Event "AUTO-INT-3731"]
[Site "http://www.queenalice.com/game.php?id=1778997"]
[Date "2022.1.3"]
[Round "1"]
[White "jsiebel"]
[Black "Milton"]
[Result "1-0"]
[WhiteElo "1544"]
[BlackElo "1378"]

1. e4 e5 2. d4 Nc6 3. d5 Na5 4. Nc3 Bb4 5. a3 Bxc3+ 6. bxc3 d6 7. Bb5+ c6 8.
dxc6 bxc6 9. Ba4 Ba6 10. Ne2 Nf6 11. O-O Qc8 12. Qxd6 Rb8 13. Qxe5+ Kd8 14. Rd1+
Nd7 15. Qxg7 Kc7 16. Bf4+ Kb7 17. Qxf7 Bc4 18. Rxd7+ Ka6 19. Rxa7+ Kb6 20. Be3+
c5 21. Rb1+ Nb3 22. Qxc4 Rd8 23. cxb3 Kxa7 24. Bxc5+ Ka8 25. Bb5 Rb7 26. Qa4+
Kb8 27. Bd4 Qg4 28. f3 Qg5 29. c4 Rxd4 30. Nxd4 Qe3+ 31. Kf1 Qxd4 32. Re1 Rg7
33. g4 Qd3+ 34. Kg2 Rf7 35. Rf1 Ra7 36. Qb4 Qe2+ 37. Rf2 Qe3 38. Qd6+ Kc8 39.
Qf8+ Kc7 40. c5 Rxa3 41. Qd6+ Kb7 42. Qb6+ Kc8 43. Qe6+ Kc7 44. Qd7+ Kb8 45. Bc6
Ra7 46. Qd8# 1-0

[Event "AUTO-INT-3731"]
[Site "http://www.queenalice.com/game.php?id=1778998"]
[Date "2022.1.3"]
[Round "1"]
[White "Milton"]
[Black "brettsinclair"]
[Result "0-1"]
[WhiteElo "1406"]
[BlackElo "1643"]

1. e4 c5 2. Bc4 Nf6 3. Qf3 Nc6 4. d3 Na5 5. Na3 Nxc4 6. dxc4 e5 7. c3 Be7 8. Qg3
O-O 9. Qg5 d6 10. Qh4 Nd7 11. Qg4 Nb6 12. Bh6 Bxg4 13. h3 Be6 14. Be3 Nxc4 15.
Nxc4 Bxc4 16. Nf3 f5 17. exf5 Rxf5 18. b3 Bd3 19. O-O-O e4 20. Nd2 Qa5 21. Kb2
b5 22. g4 Rf7 23. f3 d5 24. b4 cxb4 25. Nb3 Qa3+ 26. Ka1 bxc3 27. Bc1 Qb4 28.
fxe4 Bxe4 29. Rhe1 c2 30. Rd4 Qxe1 31. Kb2 Bf6 0-1

[Event "AUTO-INT-3731"]
[Site "http://www.queenalice.com/game.php?id=1778999"]
[Date "2022.1.3"]
[Round "1"]
[White "brettsinclair"]
[Black "Milton"]
[Result "1-0"]
[WhiteElo "1665"]
[BlackElo "1383"]

1. e4 e5 2. Nf3 Nc6 3. Bb5 d5 4. exd5 Qxd5 5. Be2 e4 6. Ng1 e3 7. f3 Nf6 8. dxe3
Qxd1+ 9. Bxd1 g6 10. Be2 Bc5 11. Bd2 O-O 12. Nc3 Be6 13. g4 Nb4 14. Bd1 Rad8 15.
Nge2 Rd6 16. O-O Rxd2 17. g5 Nd7 18. a3 Nxc2 19. Bxc2 Rxc2 20. b4 Bxe3+ 21. Kg2
Bc4 22. Rfe1 Ne5 23. Ra2 Rxe2+ 24. Raxe2 Bxe2 25. Rxe2 Nc4 26. Nd5 Bxg5 27. Nxc7
Nxa3 28. Ra2 Nc4 29. Rxa7 Ne3+ 30. Kg3 Rc8 31. Rxb7 f5 32. Ne6 f4+ 33. Kf2 Bh4+
34. Ke2 Rc2+ 35. Kd3 Rxh2 36. Ke4 g5 37. Rg7+ Kh8 38. b5 Re2 39. Kd3 Rf2 40. b6
Rb2 41. b7 Be1 42. Rc7 Rf2 43. b8=Q# 1-0

[Event "Challenge"]
[Site "http://www.queenalice.com/game.php?id=1780247"]
[Date "2022.1.13"]
[Round "-"]
[White "tikar15"]
[Black "Milton"]
[Result "1-0"]
[WhiteElo "1771"]
[BlackElo "1369"]

1. d4 d5 2. c4 Nf6 3. h3 e6 4. a3 dxc4 5. e3 Nc6 6. Bxc4 Ne4 7. Qf3 Qh4 8. Ne2
f5 9. Ng3 Nxg3 10. fxg3 Qf6 11. O-O Bc5 12. dxc5 b6 13. Qxc6+ Bd7 14. Qxa8+ Qd8
15. Qxa7 O-O 16. cxb6 cxb6 17. Nc3 b5 18. Nxb5 Bxb5 19. Bxe6+ Kh8 20. b4 Qd6 21.
Bb3 Bxf1 22. Kxf1 Qd3+ 23. Kg1 Qxb3 24. Qe7 Kg8 25. Qe5 Qd1+ 26. Kh2 Rc8 27. Bb2
Qd7 28. h4 Kf8 29. Rd1 Qxd1 30. Qxg7+ Ke8 31. Bf6 Qd6 32. Qg8+ Kd7 33. Qxh7+ Kc6
34. Qxf5 Rg8 35. Be5 Qg6 36. Qf3+ Kd7 37. b5 Qb6 38. Qf7+ Kd8 39. Qxg8+ Kd7 40.
Qd5+ Kc8 41. g4 Qxe3 42. b6 Qxb6 43. h5 Qe3 44. Qd6 Kb7 45. Qc7+ Ka6 46. a4 Qe4
47. a5 Qxg4 48. Qb6# 1-0

[Event "Challenge"]
[Site "http://www.queenalice.com/game.php?id=1780248"]
[Date "2022.1.13"]
[Round "-"]
[White "Milton"]
[Black "tikar15"]
[Result "0-1"]
[WhiteElo "1424"]
[BlackElo "1371"]

1. e4 e5 2. Nf3 d6 3. Bc4 h6 4. b3 Nf6 5. Bb2 Nxe4 6. d4 d5 7. Bd3 exd4 8. Bxe4
dxe4 9. Nxd4 c5 10. Nb5 a6 11. N5c3 Qg5 12. O-O Bh3 13. g3 Bxf1 14. Qxf1 Qf5 15.
Qe2 Nc6 16. Nxe4 O-O-O 17. Ba3 Re8 18. f3 Nd4 19. Nd6+ Bxd6 20. Qf2 Re2 21. Qf1
Nxf3+ 22. Kh1 Rxh2# 0-1

[Event "Challenge"]
[Site "http://www.queenalice.com/game.php?id=1780672"]
[Date "2022.1.17"]
[Round "-"]
[White "tikar15"]
[Black "Milton"]
[Result "1-0"]
[WhiteElo "1601"]
[BlackElo "1399"]

1. d4 d5 2. h3 Nc6 3. Nf3 e6 4. a3 b6 5. c4 Bd6 6. Qa4 Bd7 7. Qc2 Qf6 8. e4 Nge7
9. exd5 exd5 10. Nc3 Nxd4 11. Nxd4 Qxd4 12. Bd3 c6 13. Be3 Qe5 14. O-O-O O-O 15.
cxd5 cxd5 16. Ne2 Rfc8 17. Bxh7+ Kf8 18. Nc3 Nf5 19. Rxd5 Rxc3 20. bxc3 Qxd5 21.
Rd1 Bxa3+ 22. Kb1 Qb5+ 23. Ka2 Qa5 24. Rxd7 Ke8 25. Bxf5 Rc8 26. Kb1 Rxc3 27.
Qe4+ Kf8 28. Rd8# 1-0

[Event "Challenge"]
[Site "http://www.queenalice.com/game.php?id=1780673"]
[Date "2022.1.17"]
[Round "-"]
[White "Milton"]
[Black "tikar15"]
[Result "0-1"]
[WhiteElo "1391"]
[BlackElo "1598"]

1. e4 e5 2. Nf3 d6 3. Bc4 h6 4. Nc3 Nf6 5. d3 a6 6. O-O Be7 7. Be3 Nc6 8. g3 Ng4
9. Nd5 Nxe3 10. Nxe3 O-O 11. d4 exd4 12. Nxd4 Bd7 13. Qf3 Nxd4 14. Qd1 Bg5 15.
Qxd4 Bh3 16. Nf5 Qf6 17. Rad1 Bxf1 18. Kxf1 Rfe8 19. h4 Qxd4 20. Rxd4 Bf6 21.
Rd3 Rxe4 22. b3 Rae8 23. Bd5 Re1+ 24. Kg2 b5 25. Rc3 Bxc3 26. g4 h5 27. gxh5
R8e5 0-1

[Event "Challenge"]
[Site "http://www.queenalice.com/game.php?id=1783766"]
[Date "2022.3.1"]
[Round "-"]
[White "zoe001"]
[Black "Milton"]
[Result "1-0"]
[WhiteElo "1889"]
[BlackElo "1369"]

1. d4 d5 2. Nf3 Nc6 3. e3 Bf5 4. c3 e6 5. Bb5 a6 6. Bxc6+ bxc6 7. Qa4 Ne7 8. Ne5
f6 9. Nf3 Be4 10. Nbd2 Ng6 11. Qxc6+ Ke7 12. Nxe4 dxe4 13. Qxe4 Ke8 14. Qxe6+
Be7 15. Qc6+ Kf8 16. Qe6 Rb8 17. Qxa6 Rb6 18. Qd3 Qe8 19. O-O Bd6 20. c4 Ne7 21.
c5 Bxc5 22. dxc5 Rc6 23. Qb5 h5 24. Nd4 1-0

[Event "Challenge"]
[Site "http://www.queenalice.com/game.php?id=1783767"]
[Date "2022.3.1"]
[Round "-"]
[White "Milton"]
[Black "zoe001"]
[Result "0-1"]
[WhiteElo "1369"]
[BlackElo "1889"]

1. e4 e6 2. Nf3 d5 3. Nc3 Nf6 4. d3 c5 5. Bf4 Qb6 6. b3 Qb4 7. Qd2 Bd7 8. Ne2
Qb6 9. g3 Bc6 10. Bh3 dxe4 11. dxe4 Nxe4 12. Qd3 Qb4+ 13. c3 Qb6 14. O-O Be7 15.
Rfd1 Nd7 16. Be5 O-O 17. Nf4 Nxe5 18. Nxe5 Rad8 19. Qe3 Bf6 20. Rxd8 Rxd8 21.
Nxc6 Qxc6 22. Qe1 Nd2 23. Qe3 Nf3+ 0-1